000 00304nam a22001337a 4500
008 181017b xxu||||| |||| 00| 0 eng d
020 _a2901118733553
041 _aeng
080 _25 ed
_a521
100 _a42
101 _aGEO
245 _aThe Globalization Reader
_cFrank.J.L
942 _2udc
_cBK
999 _c50071
_d50071